000
00192 a2200097 4500
020
_a
9789682413872
041
_a
spa
100
_a
Margarita Heuer
245
_a
LOs utiles escolares
942
_c
K
999
_c
30234
_d
30232